Small Business Management: An Entrepreneurial Emphasis (Record no. 4076)

MARC details
000 -LEADER
fixed length control field 00384nam a22001337a 4500
008 - FIXED-LENGTH DATA ELEMENTS--GENERAL INFORMATION
fixed length control field 250703b |||||||| |||| 00| 0 eng d
020 ## - INTERNATIONAL STANDARD BOOK NUMBER
ISBN 053883045X
100 ## - MAIN ENTRY--AUTHOR
Author LONGENECHER, Justin Gooderl
245 ## - TITLE STATEMENT
Title Small Business Management: An Entrepreneurial Emphasis
250 ## - EDITION STATEMENT
Edition statement 9th
260 ## - PUBLICATION, DISTRIBUTION, ETC. (IMPRINT)
Place of publication Ohio U.S.A
Name of publisher International Thomson Publishing
Date of publication 1994
942 ## - ADDED ENTRY ELEMENTS (KOHA)
Item type Books
050 ## - LIBRARY OF CONGRESS CALL NUMBER
Classification number HD62.7
Item number .L66
Holdings
Source of classification or shelving scheme Not for loan Permanent location Current location Date acquired Accession No. Full call number Barcode. Koha item type
Library of Congress Classification   Samuel Ogbemudia Main Library, University of Abuja Samuel Ogbemudia Main Library, University of Abuja 07/03/2025 2006-28741 HD62.7.L66 2025-2804 Books